A geographical account of countries round the Bay of Bengal, 1669 to 1679. By Thomas Bowrey. Edited by Lt.-Col. Sir Richard Carnac Temple, Bart., C.I.E

Saved in:
Bibliografiske detaljer
Hovedforfatter: Bowrey, Thomas (Author)
Format: Bog
Sprog:engelsk
Udgivet: Londres Hakluyt Society 1905
Udgivelse:1a. ed
Serier:Hakluyt Society, Second series, 12
Fag:
Tags: Tilføj Tag
Ingen Tags, Vær først til at tagge denne postø!

MARC

LEADER 00000nam a2200000 a 4500
001 UCJ5669
003 CL-VaPUC
008 070124e19050000UK |||||||||||||||||eng|d
082 0 4 |a 910.4  |b BOW  |2 21 
100 0 |a Bowrey, Thomas  |e author  |9 511185 
245 1 2 |a A geographical account of countries round the Bay of Bengal, 1669 to 1679. By Thomas Bowrey. Edited by Lt.-Col. Sir Richard Carnac Temple, Bart., C.I.E 
250 |a 1a. ed 
300 |a lvi, 424 p 
942 |c BK 
945 |d 20070124 00:00:00  |a rinostro 
260 |a Londres  |b Hakluyt Society  |c 1905 
500 |a Mapa en bolsillo, cubierta posterior; ilustraciones conforme a lo señalado en índice 
650 0 |a Viajes  |9 257115 
650 7 |a BIOGRAFIA  |2 CL-VaPUC  |9 504622 
650 0 |a Geografía  |9 259346 
650 0 |a Población  |9 257577 
650 0 |a Cultura  |9 269059 
650 0 |a Arquitectura  |9 804558 
650 7 |a CRITICA HISTORICA  |2 CL-VaPUC  |9 511187 
650 7 |a DOCUMENTOS  |2 CL-VaPUC  |9 366450 
650 7 |a FLORA  |2 CL-VaPUC  |9 264745 
650 7 |a FAUNA  |2 CL-VaPUC  |9 349523 
650 0 |a Recursos naturales  |9 255232 
650 0 |a Comercio  |9 255341 
650 0 |a Ilustraciones  |9 369481 
650 0 |a Mapas  |9 260844 
651 0 |a India  |9 267804 
651 7 |a PERSIA  |2 CL-VaPUC  |9 316501 
651 7 |a BORNEO  |2 CL-VaPUC  |9 377253 
583 |a last modification  |c 20070124 00:00:00  |k Rodrigo Vera 
490 0 |a Hakluyt Society, Second series, 12 
999 |c 321778  |d 321776 
952 |0 0  |1 0  |4 0  |6 910_400000000000000_BOW_1905  |7 0  |8 X  |9 400615  |a FDOBUD  |b FDOBUD  |d 2019-11-22  |i 1037935  |o 910.4 BOW 1905  |p 1037935  |r 2019-11-22  |w 2019-11-22  |y BK_X  |k BUD